Bossypants (Record no. 590535)

000 -LEADER
fixed length control field 01221cam a2200349 a 4500
001 - CONTROL NUMBER
control field 17125481
003 - CONTROL NUMBER IDENTIFIER
control field NUST
005 - DATE AND TIME OF LATEST TRANSACTION
control field 20220723165434.0
008 - FIXED-LENGTH DATA ELEMENTS--GENERAL INFORMATION
fixed length control field 120118s2012 nyua 000 0aeng
010 ## - LIBRARY OF CONGRESS CONTROL NUMBER
LC control number 2011501958
020 ## - INTERNATIONAL STANDARD BOOK NUMBER
International Standard Book Number 9780316056878 (pbk.)
038 ## - RECORD CONTENT LICENSOR
Staff Name Azhar
040 ## - CATALOGING SOURCE
Original cataloging agency DLC
Transcribing agency DLC
Modifying agency DLC
042 ## - AUTHENTICATION CODE
Authentication code pcc
050 00 - LIBRARY OF CONGRESS CALL NUMBER
Classification number PN2287.F4255
Item number A3 2012
082 00 - DEWEY DECIMAL CLASSIFICATION NUMBER
Classification number 792.7028092
-- B
Edition number 23
Author Mark FEY
100 1# - MAIN ENTRY--PERSONAL NAME
Personal name Fey, Tina,
Dates associated with a name 1970-
9 (RLIN) 94680
245 10 - TITLE STATEMENT
Title Bossypants
Statement of responsibility, etc. Tina Fey.
246 3# - VARYING FORM OF TITLE
Title proper/short title Bossy pants
250 ## - EDITION STATEMENT
Edition statement 1st Reagan Arthur/Back Bay pbk. ed.
260 ## - PUBLICATION, DISTRIBUTION, ETC.
Place of publication, distribution, etc. New York :
Name of publisher, distributor, etc. Back Bay Books/Little, Brown,
Date of publication, distribution, etc. 2012.
300 ## - PHYSICAL DESCRIPTION
Extent xiv, 275, 9 p. :
Other physical details ill. (chiefly col.) ;
Dimensions 21 cm.
500 ## - GENERAL NOTE
General note "A Reagan Arthur book."
500 ## - GENERAL NOTE
General note Includes reading group guide.
563 ## - BINDING INFORMATION
Binding note PB
600 10 - SUBJECT ADDED ENTRY--PERSONAL NAME
Personal name Fey, Tina,
Dates associated with a name 1970-
9 (RLIN) 94680
650 #0 - SUBJECT ADDED ENTRY--TOPICAL TERM
Topical term or geographic name entry element Women comedians
Geographic subdivision United States
Form subdivision Biography.
9 (RLIN) 94681
650 #0 - SUBJECT ADDED ENTRY--TOPICAL TERM
Topical term or geographic name entry element Women television personalities
Geographic subdivision United States
Form subdivision Biography.
9 (RLIN) 94682
906 ## - LOCAL DATA ELEMENT F, LDF (RLIN)
a 7
b cbc
c orignew
d 2
e ncip
f 20
g y-gencatlg
942 ## - ADDED ENTRY ELEMENTS (KOHA)
Source of classification or shelving scheme
Koha item type Lincoln Corner
Holdings
Withdrawn status Lost status Source of classification or shelving scheme Damaged status Not for loan Permanent Location Current Location Shelving location Date acquired Full call number Barcode Date last seen Price effective from Koha item type
          Central Library (CL) Central Library (CL) Lincoln Corner 07/23/2022 792.7028092 B FEY LC-28 07/23/2022 07/23/2022 Reference
© 2023 Central Library, National University of Sciences and Technology. All Rights Reserved.